Normal view
MARC view
Entry Personal Name
001 - CONTROL NUMBER
- control field: 63796
003 - CONTROL NUMBER IDENTIFIER
- control field: dpl
005 - DATE AND TIME OF LATEST TRANSACTION
- control field: 20240321150441.0
008 - FIXED-LENGTH DATA ELEMENTS
- fixed length control field: 240321|| aca||aabn | a|a d
040 ## - CATALOGING SOURCE
- Original cataloging agency: dpl
- Transcribing agency: dpl
100 ## - HEADING--PERSONAL NAME
- Personal name: वर्णवाल,अजित कुमार
670 ## - SOURCE DATA FOUND
- Source citation: Work cat.: (dpl)201715: वर्णवाल,अजित कुमार , शिक्षात्रय की रुपरेखा/, 2019
